Tamadan-e-Hind/ (Record no. 614286)
[ view plain ]
| 000 -LEADER | |
|---|---|
| fixed length control field | 00582nam a22001817a 4500 |
| 020 ## - INTERNATIONAL STANDARD BOOK NUMBER | |
| International Standard Book Number | 969-503-959-6 |
| 082 ## - DEWEY DECIMAL CLASSIFICATION NUMBER | |
| Classification number | 954 |
| Author Mark | LAB |
| 100 ## - MAIN ENTRY--PERSONAL NAME | |
| Personal name | Syed Ali Bilgrami |
| 245 ## - TITLE STATEMENT | |
| Title | Tamadan-e-Hind/ |
| Statement of responsibility, etc. | Gustave Le Bon |
| 260 ## - PUBLICATION, DISTRIBUTION, ETC. | |
| Place of publication, distribution, etc. | Lahore: |
| Name of publisher, distributor, etc. | Al Faisal Publications, |
| Date of publication, distribution, etc. | 2015. |
| 300 ## - PHYSICAL DESCRIPTION | |
| Extent | 374 p |
| Dimensions | 22cm |
| 563 ## - BINDING INFORMATION | |
| Binding note | HB. |
| 650 ## - SUBJECT ADDED ENTRY--TOPICAL TERM | |
| Topical term or geographic name entry element | General Knowledge & History - India. |
| 880 ## - ALTERNATE GRAPHIC REPRESENTATION | |
| Linkage | 100-01\(3\r |
| Title | سید علی بلگرامی |
| 880 ## - ALTERNATE GRAPHIC REPRESENTATION | |
| Linkage | 245-02\(03\r |
| Title | تمدنِ ہند |
| 880 ## - ALTERNATE GRAPHIC REPRESENTATION | |
| Linkage | 260-03\(03\r |
| Title | :لاہور |
| b | الفیصل پبلیکیشنز |
| c | 2015 |
| 942 ## - ADDED ENTRY ELEMENTS (KOHA) | |
| Source of classification or shelving scheme | |
| Koha item type | Book |
| 650 ## - SUBJECT ADDED ENTRY--TOPICAL TERM | |
| -- | 129734 |
| Withdrawn status | Lost status | Source of classification or shelving scheme | Damaged status | Not for loan | Permanent Location | Current Location | Shelving location | Date acquired | Total Checkouts | Full call number | Barcode | Date last seen | Price effective from | Koha item type |
|---|---|---|---|---|---|---|---|---|---|---|---|---|---|---|
| Central Library (CL) | Central Library (CL) | Urdu Literature | 07/12/2025 | 954 LAB | CL-D-2785 | 07/12/2025 | 07/12/2025 | Book |
